Les tableaux de la guerre / (Record no. 168086)

MARC details
000 -LEADER
campo de control de longitud fija 00718nam a22001935i 4500
001 - NÚMERO DE CONTROL
campo de control 168086
003 - IDENTIFICADOR DE NÚMERO DE CONTROL
campo de control ES-MaACL
005 - FECHA Y HORA DE LA ÚLTIMA TRANSACCIÓN
campo de control 20230906213659.0
008 - DATOS DE LONGITUD FIJA--INFORMACIÓN GENERAL
campo de control de longitud fija 010309s1870 fr a |||| | fre d
040 ## - FUENTE DE CATALOGACIÓN
Centro catalogador/agencia de origen CAM
Lengua de catalogación spa
Centro/agencia transcriptor CAM
100 1# - ENTRADA PRINCIPAL--NOMBRE DE PERSONA
Nombre de persona Yriarte, Charles (
Fechas asociadas al nombre 1833-1898)
9 (RLIN) 133995
245 14 - MENCIÓN DEL TÍTULO
Título Les tableaux de la guerre /
Mención de responsabilidad, etc. Charles Yriarte ; illustrés par Godefroy Durand, d'après les dessins de l'auteur.
260 ## - PUBLICACIÓN, DISTRIBUCIÓN, ETC.
Lugar de publicación, distribución, etc. Paris :
Nombre del editor, distribuidor, etc. Alphonse Lemerre,
Fecha de publicación, distribución, etc. 1870 (
Fabricante J. Claye)
300 ## - DESCRIPCIÓN FÍSICA
Extensión XVI, 317 p. :
Otras características físicas il. ;
Dimensiones 18 cm.
650 04 - PUNTO DE ACCESO ADICIONAL DE MATERIA--TÉRMINO DE MATERIA
Término de materia o nombre geográfico como elemento de entrada Guerra hispano-marroquí, 1859-1860.
9 (RLIN) 13209
700 1# - ENTRADA AGREGADA--NOMBRE PERSONAL
Nombre de persona Durand, Godefroy.
9 (RLIN) 126884
852 ## - LOCALIZACIÓN
Ubicación ES-MaACL
Número de control de estantería D-3743
Nota libre -- Enc. hol. grab.
852 ## - LOCALIZACIÓN
Ubicación ES-MaACL
Número de control de estantería D-3511
Nota libre -- Rúst. cromolit.
Holdings
Estatus retirado Estado de pérdida Estado de daño No para préstamo Colección Biblioteca de origen Biblioteca actual Ubicación en estantería Fecha de adquisición Fuente de adquisición Total de préstamos Signatura topográfica completa Código de barras Visto por última vez Precio de reemplazo Tipo de ítem Koha
        Libros del s. XIX Biblioteca del Ateneo de Madrid Biblioteca del Ateneo de Madrid Sala Valle Inclán 17/01/2008     D-3511 901176360 23/02/2023 23/02/2023 Libro impreso antiguo
        Libros del s. XIX Biblioteca del Ateneo de Madrid Biblioteca del Ateneo de Madrid Sala Valle Inclán 17/01/2008     D-3743 901176359 23/02/2023 23/02/2023 Libro impreso antiguo